[Event "PREFERENTE, Elche 2011"]
[Site "Centro de Congresos "]
[Date "2011.10.22"]
[Round "2"]
[White "Sanchez, Trives Cayetano A"]
[Black "Perez Pardo, Adrian Jason"]
[Result "0-1"]
[WhiteElo "1907"]
[BlackElo "1682"]
[PlyCount "108"]
[EventDate "2011.10.01"]
[EventRounds "7"]
[EventCountry "ESP"]

1. d4 Nf6 2. c4 e6 3. Nc3 d5 4. Bg5 c6 5. e3 Be7 6. Nf3 Nbd7 7. Bd3 h6 8. Bh4
O-O 9. O-O Re8 10. Rc1 Bd6 11. e4 dxe4 12. Nxe4 Be7 13. Qe2 Nxe4 14. Qxe4 g6
15. Rfe1 Bxh4 16. Nxh4 Nf8 17. Nf3 Qf6 18. Rc3 Bd7 19. c5 Rad8 20. Bc2 Nh7 21.
h4 Re7 22. Ne5 Be8 23. g3 Qg7 24. Rd3 Nf6 25. Qf3 Nd7 26. Nc4 Nf6 27. Nd6 Nd5
28. Rdd1 Qf6 29. Qe2 b6 30. Bb3 bxc5 31. dxc5 Rc7 32. Bc4 Rb8 33. Rd2 h5 34. a3
Bd7 35. Red1 Bc8 36. Ne8 Qe7 37. Nxc7 Qxc7 38. Rd3 Qa5 39. b4 Qa4 40. Qe5 Rb7
41. Qd6 Rd7 42. Qb8 Rd8 43. Bxd5 exd5 44. Re1 Qb5 45. Qc7 Rf8 46. Rde3 Qa6 47.
Re7 Qxa3 48. Re8 Be6 49. R8xe6 fxe6 50. Rxe6 Qc1+ 51. Kg2 Qc2 52. Kh1 Qd1+ 53.
Kg2 Qf3+ 54. Kh3 Qh1# 0-1

[Event "PREFERENTE, Elche 2011"]
[Site "Centro de Congresos "]
[Date "2011.10.22"]
[Round "2"]
[White "Coves Sepulcre, Laureano"]
[Black "Frias Catenas, Jose Luis"]
[Result "1-0"]
[WhiteElo "1885"]
[BlackElo "1671"]
[PlyCount "105"]
[EventDate "2011.10.01"]
[EventRounds "7"]
[EventCountry "ESP"]

1. c4 c5 2. Nc3 Nc6 3. Nf3 Nf6 4. d4 cxd4 5. Nxd4 e6 6. g3 Be7 7. Bg2 O-O 8.
O-O Qc7 9. Ndb5 Qd8 10. Nd6 Bxd6 11. Qxd6 Qe7 12. Rd1 h6 13. Bf4 a6 14. e4 Re8
15. e5 Qxd6 16. exd6 Rb8 17. a4 Na5 18. c5 Nc6 19. a5 e5 20. Be3 Na7 21. b4 Nb5
22. Nxb5 axb5 23. f3 e4 24. f4 b6 25. axb6 Bb7 26. Bf1 Bc6 27. Ra5 Nd5 28. Kf2
Ra8 29. Rda1 Nxb4 30. Rxa8 Rxa8 31. Rxa8+ Bxa8 32. Bxb5 Nc6 33. g4 f6 34. h4
Kf7 35. Bc4+ Kg6 36. h5+ Kh7 37. Bd5 Bb7 38. Bxe4+ Kg8 39. Kg3 Kf7 40. Bd5+ Kf8
41. g5 hxg5 42. fxg5 fxg5 43. Bxg5 Ke8 44. Kf4 Kf8 45. Bh4 Na5 46. Bxb7 Nxb7
47. Bf2 Kf7 48. Ke5 Nd8 49. Bh4 Nc6+ 50. Kd5 Ke8 51. Kc4 Nb8 52. Kb5 Nc6 53. b7
1-0

[Event "PREFERENTE, Elche 2011"]
[Site "Centro de Congresos "]
[Date "2011.10.22"]
[Round "2"]
[White "Galiana Fernandez, Adrian"]
[Black "Canicio Navarro, Sonia"]
[Result "0-1"]
[WhiteElo "1460"]
[BlackElo "1873"]
[PlyCount "66"]
[EventDate "2011.10.01"]
[EventRounds "7"]
[EventCountry "ESP"]

1. e4 e6 2. d4 d5 3. e5 c5 4. c3 Nc6 5. Nf3 Qb6 6. a3 Bd7 7. b4 cxd4 8. cxd4 a6
9. Nc3 Rc8 10. Na4 Qc7 11. Nc5 Bxc5 12. bxc5 Nb8 13. Bd3 b6 14. cxb6 Qc3+ 15.
Qd2 Qxa1 16. O-O Qc3 17. b7 Rc7 18. Qxc3 Rxc3 19. Bxa6 Nxa6 20. Bd2 Rc2 21. Rb1
Nb8 22. Bb4 Ne7 23. Bd6 Nec6 24. h3 f6 25. Rb6 Kf7 26. exf6 gxf6 27. a4 Ra2 28.
Kh2 Rxf2 29. Ne1 Rg8 30. Bg3 Ra2 31. Nd3 Nxd4 32. Nc5 Nf3+ 33. Kh1 Ra1+ 0-1

[Event "PREFERENTE, Elche 2011"]
[Site "Centro de Congresos "]
[Date "2011.10.29"]
[Round "3"]
[White "Cazorla Tortosa, Jesus"]
[Black "Crespo Hurtado, Emilio Jose"]
[Result "1-0"]
[WhiteElo "1752"]
[BlackElo "1951"]
[PlyCount "81"]
[EventDate "2011.10.01"]
[EventRounds "7"]
[EventCountry "ESP"]

1. c4 Nf6 2. Nc3 g6 3. Nf3 Bg7 4. g3 O-O 5. Bg2 d6 6. O-O e5 7. d3 c6 8. Bg5
Be6 9. Qc2 Nbd7 10. Rfd1 Qc7 11. Rac1 Nb6 12. a3 Rac8 13. b3 d5 14. Rb1 Nh5 15.
Bc1 f5 16. Ng5 Qe7 17. Nxe6 Qxe6 18. a4 e4 19. dxe4 dxc4 20. Ba3 Rf7 21. exf5
gxf5 22. a5 Nd7 23. Na4 cxb3 24. Rxb3 Ne5 25. Rc1 f4 26. Nc5 Qh6 27. Nxb7 fxg3
28. fxg3 Rxb7 29. Rxb7 Qe3+ 30. Kh1 Nxg3+ 31. hxg3 Qh6+ 32. Kg1 Qe3+ 33. Kf1
Qxa3 34. Qb3+ Qxb3 35. Rxb3 Bh6 36. Rc5 Ng4 37. Bxc6 Rd8 38. Bf3 Rd1+ 39. Kg2
Ne3+ 40. Kh3 Rd7 41. Rh5 1-0

[Event "PREFERENTE, Elche 2011"]
[Site "Centro de Congresos "]
[Date "2011.10.29"]
[Round "3"]
[White "Perez Pardo, Adrian Jason"]
[Black "Coves Sepulcre, Laureano"]
[Result "0-1"]
[WhiteElo "1682"]
[BlackElo "1885"]
[PlyCount "126"]
[EventDate "2011.10.01"]
[EventRounds "7"]
[EventCountry "ESP"]

1. e4 c5 2. Nf3 g6 3. c3 Bg7 4. d4 cxd4 5. cxd4 d5 6. e5 Bg4 7. Be3 Nh6 8. Bd3
Nf5 9. Nbd2 Nxe3 10. fxe3 Nc6 11. O-O Rc8 12. Qb3 Rc7 13. e4 Be6 14. exd5 Bxd5
15. Bc4 Bxc4 16. Qxc4 Nxe5 17. Qb5+ Nc6 18. Nb3 O-O 19. Rad1 a6 20. Qe2 Qd5 21.
Qd2 Rd8 22. Qf4 Qd6 23. Ne5 f6 24. Nxc6 Rxc6 25. Qe4 f5 26. Qe2 b6 27. Rfe1 e6
28. Qxa6 Rc2 29. Re2 Rxe2 30. Qxe2 Kf7 31. Qd2 e5 32. dxe5 Qxd2 33. Rxd2 Rxd2
34. Nxd2 Bxe5 35. b3 Ke6 36. h3 Kd5 37. Kf2 Bf6 38. Nf3 Ke4 39. Ke2 g5 40. Nd2+
Kd4 41. Nc4 Bd8 42. Kd2 h5 43. a4 f4 44. Nd6 g4 45. hxg4 hxg4 46. Nf5+ Ke4 47.
Nd6+ Kd4 48. Nf5+ Kc5 49. Nh6 g3 50. Ke2 Kb4 51. Kf3 Bc7 52. Nf5 Kxb3 53. Nd4+
Kxa4 54. Ke4 b5 55. Kd3 Kb4 56. Kc2 Kc4 57. Nf3 b4 58. Kb2 Bd6 59. Kc2 Bf8 60.
Kb2 Bg7+ 61. Kc2 b3+ 62. Kd2 Bf6 63. Ne1 Bc3+ 0-1

[Event "PREFERENTE, Elche 2011"]
[Site "Centro de Congresos "]
[Date "2011.10.29"]
[Round "3"]
[White "Canicio Navarro, Sonia"]
[Black "Garbayo Valero, Santiago"]
[Result "1/2-1/2"]
[WhiteElo "1873"]
[BlackElo "1566"]
[PlyCount "115"]
[EventDate "2011.10.01"]
[EventRounds "7"]
[EventCountry "ESP"]

1. d4 d5 2. Bf4 Bf5 3. Nf3 Nc6 4. a3 Nf6 5. e3 a6 6. c4 e6 7. Nc3 h6 8. Rc1 Bd6
9. Bxd6 cxd6 10. cxd5 Nxd5 11. Nxd5 exd5 12. Qb3 Qa5+ 13. Rc3 b6 14. Be2 Rc8
15. O-O O-O 16. Rfc1 Ne7 17. Qd1 b5 18. b4 Qb6 19. Nd2 Rxc3 20. Rxc3 Rc8 21.
Rxc8+ Nxc8 22. Qc1 Ne7 23. Bf3 Be6 24. Nb3 Qc6 25. Qxc6 Nxc6 26. h3 Kf8 27. g4
Ke7 28. Bg2 g5 29. f4 f6 30. f5 Bf7 31. Kf2 Kd7 32. Ke2 Kc7 33. Kd3 Kb6 34. Kc3
a5 35. Nd2 axb4+ 36. axb4 Ne7 37. Nf3 h5 38. Ne1 Ng8 39. e4 hxg4 40. hxg4 Nh6
41. Bf3 dxe4 42. Be2 Ba2 43. Ng2 d5 44. Ne3 Kc6 45. Kd2 Nf7 46. Nf1 Nd6 47. Ng3
Bc4 48. Bd1 Kd7 49. Nh5 Ke7 50. Ng3 Nc8 51. Nh5 Nb6 52. Ng3 Na4 53. Nh1 Nb2 54.
Bc2 Nd3 55. Bxd3 Bxd3 56. Nf2 Bf1 57. Ke3 Bg2 58. Kd2 1/2-1/2

[Event "PREFERENTE, Elche 2011"]
[Site "Centro de Congresos "]
[Date "2011.10.29"]
[Round "3"]
[White "Perez Gisbert, Santiago"]
[Black "Costa Correas, Francisco"]
[Result "1-0"]
[WhiteElo "1527"]
[BlackElo "1756"]
[PlyCount "81"]
[EventDate "2011.10.01"]
[EventRounds "7"]
[EventCountry "ESP"]

1. e4 c5 2. Nf3 d6 3. d4 cxd4 4. Nxd4 Nc6 5. Nc3 e6 6. Be3 Nf6 7. f3 g6 8. Qd2
Bg7 9. O-O-O O-O 10. g4 a6 11. Be2 Ne8 12. h4 Nxd4 13. Bxd4 Qc7 14. h5 b5 15.
Bxg7 Kxg7 16. hxg6 fxg6 17. Qh6+ Kg8 18. Qd2 b4 19. Nd5 Qb7 20. Nxb4 a5 21. Nd3
Bd7 22. Nc5 Qc6 23. Nxd7 Qxd7 24. Qc3 Nc7 25. Bc4 a4 26. Rd2 a3 27. b3 Rf7 28.
Rhd1 Rd8 29. b4 Qc6 30. Qb3 Re7 31. Be2 d5 32. Qxa3 Ra8 33. Qb3 Rd7 34. Rd3 Qb5
35. Rxd5 Rxd5 36. Bxb5 Rxb5 37. a4 Rb7 38. a5 Rxa5 39. Rd8+ Kf7 40. Rd7+ Ke8
41. Rxc7 1-0

[Event "PREFERENTE, Elche 2011"]
[Site "Centro de Congresos "]
[Date "2011.10.29"]
[Round "3"]
[White "Balaguer, Cuinas Pedro"]
[Black "Martin Sala, David"]
[Result "1-0"]
[WhiteElo "1995"]
[BlackElo "1532"]
[PlyCount "65"]
[EventDate "2011.10.01"]
[EventRounds "7"]
[EventCountry "ESP"]

1. Nf3 c5 2. g3 Nc6 3. Bg2 g6 4. O-O Bg7 5. c4 e6 6. Nc3 Nge7 7. d3 O-O 8. Bd2
h6 9. Rb1 Kh7 10. a3 Nf5 11. b4 cxb4 12. axb4 a6 13. c5 Qc7 14. Na4 a5 15. b5
Ncd4 16. b6 Qd8 17. e3 Nxf3+ 18. Bxf3 Ne7 19. d4 d5 20. cxd6 Qxd6 21. Nc5 Nc6
22. Qa4 Rb8 23. Rfc1 Bd7 24. Nxd7 Qxd7 25. Bxc6 bxc6 26. Qxc6 Qxc6 27. Rxc6 Rb7
28. Bxa5 Ra8 29. Rc7 Rab8 30. Rxb7 Rxb7 31. Rc1 Bf6 32. Rc7 Rb8 33. Rxf7+ 1-0

[Event "PREFERENTE, Elche 2011"]
[Site "Centro de Congresos "]
[Date "2011.10.29"]
[Round "3"]
[White "Perez, Rodriguez Fco  Javie"]
[Black "Altes Macia, Jesus"]
[Result "1-0"]
[WhiteElo "1931"]
[BlackElo "1557"]
[PlyCount "59"]
[EventDate "2011.10.01"]
[EventRounds "7"]
[EventCountry "ESP"]

1. d4 Nf6 2. c4 e6 3. g3 d5 4. Bg2 c6 5. Nf3 Be7 6. O-O O-O 7. Nc3 Nbd7 8. b3
Re8 9. Bb2 Nf8 10. Re1 Ng6 11. e4 a6 12. e5 Nd7 13. cxd5 exd5 14. e6 Ndf8 15.
exf7+ Kxf7 16. Ne5+ Kg8 17. Qf3 Bf6 18. Na4 Qc7 19. Rac1 Be6 20. Nc5 Bf7 21.
Nxf7 Kxf7 22. h4 Rxe1+ 23. Rxe1 Re8 24. Rxe8 Kxe8 25. Bh3 h6 26. Bg4 Kd8 27.
Bh5 Qe7 28. Qf5 Nh8 29. Bg4 Nf7 30. Qc8# 1-0

[Event "PREFERENTE, Elche 2011"]
[Site "Centro de Congresos "]
[Date "2011.10.29"]
[Round "3"]
[White "Coll Del Rey, Pedro"]
[Black "Perez Pardo, Sergio Ivan"]
[Result "0-1"]
[WhiteElo "1779"]
[BlackElo "1720"]
[PlyCount "124"]
[EventDate "2011.10.01"]
[EventRounds "7"]
[EventCountry "ESP"]

1. e4 c5 2. Nf3 e6 3. d4 cxd4 4. Nxd4 a6 5. Be3 Qc7 6. Qd2 Nf6 7. f4 d5 8. exd5
Nxd5 9. Bd3 Bc5 10. c3 Nxe3 11. Qxe3 Nc6 12. Nxe6 Bxe6 13. Qxc5 Rd8 14. Be4 Rd6
15. O-O O-O 16. Na3 b6 17. Qf2 Rfd8 18. Rae1 Na5 19. b3 Qxc3 20. Rc1 Qd4 21.
Nc2 Qxf2+ 22. Kxf2 Nc6 23. Bxc6 Rxc6 24. Nb4 Rxc1 25. Rxc1 a5 26. Nc2 Rc8 27.
Ke2 a4 28. bxa4 Bxa2 29. Kd2 Bb3 30. Nd4 Rxc1 31. Kxc1 Bxa4 32. Kb2 Kf8 33. Ka3
Bd7 34. Kb4 Ke7 35. Nb5 Ke6 36. Nc3 f5 37. Kc4 Bc6 38. g3 Kd6 39. Kd4 b5 40.
Na2 Bd5 41. Nb4 Bc4 42. Na6 g6 43. h4 Be2 44. Nb4 Bc4 45. Na6 Kc6 46. Nb4+ Kb6
47. Kc3 Kc5 48. Nc2 Kd5 49. Kd2 Ke4 50. Ne1 b4 51. Nc2 Kf3 52. Nxb4 Kxg3 53.
Ke3 Kxh4 54. Nc6 Bb5 55. Ne5 Be8 56. Kf3 g5 57. fxg5 Kxg5 58. Nd3 h5 59. Nf2
Bc6+ 60. Ke2 Kf4 61. Kf1 Kg3 62. Kg1 h4 0-1

[Event "PREFERENTE, Elche 2011"]
[Site "Centro de Congresos "]
[Date "2011.11.05"]
[Round "4"]
[White "Coves Sepulcre, Laureano"]
[Black "Perez Gisbert, Santiago"]
[Result "1-0"]
[WhiteElo "1885"]
[BlackElo "1527"]
[PlyCount "121"]
[EventDate "2011.10.01"]
[EventRounds "7"]
[EventCountry "ESP"]

1. c4 c5 2. Nc3 Nf6 3. Nf3 d5 4. cxd5 Nxd5 5. d4 e6 6. e4 Nxc3 7. bxc3 cxd4 8.
cxd4 Bb4+ 9. Bd2 Bxd2+ 10. Qxd2 O-O 11. Bc4 Nc6 12. O-O b6 13. Rac1 Bb7 14.
Rfd1 Qd6 15. Qe2 Rfd8 16. Ba6 Bxa6 17. Qxa6 Rd7 18. Qb5 Rc7 19. d5 Rd8 20. g3
Ne5 21. Nxe5 Qxe5 22. Rxc7 Qxc7 23. d6 Qd7 24. Qxd7 Rxd7 25. e5 f6 26. f4 fxe5
27. fxe5 b5 28. Kf2 Kf7 29. Ke3 Ke8 30. Kd4 b4 31. Kc5 a5 32. Kb5 Rb7+ 33. Kxa5
b3 34. axb3 Rxb3 35. Rc1 Re3 36. Rc8+ Kd7 37. Rc7+ Kd8 38. Rxg7 Rxe5+ 39. Kb6
Re1 40. Rxh7 e5 41. Kc6 Rc1+ 42. Kd5 Re1 43. Re7 Re2 44. Rxe5 Rxh2 45. g4 Rh7
46. Kc6 Rg7 47. g5 Rg6 48. Ra5 Ke8 49. Kc7 Rg7+ 50. Kc6 Rg6 51. Re5+ Kd8 52.
Rf5 Ke8 53. Kd5 Kd7 54. Rf7+ Kd8 55. Kc6 Ke8 56. Rh7 Kf8 57. Rh5 Ke8 58. Rh8+
Kf7 59. Kc7 Rg7 60. d7 Kg6 61. Kc8 1-0

[Event "PREFERENTE, Elche 2011"]
[Site "Centro de Congresos "]
[Date "2011.11.05"]
[Round "4"]
[White "Perez Pardo, Sergio Ivan"]
[Black "Balaguer, Cuinas Pedro"]
[Result "0-1"]
[WhiteElo "1720"]
[BlackElo "1995"]
[PlyCount "122"]
[EventDate "2011.10.01"]
[EventRounds "7"]
[EventCountry "ESP"]

1. e4 c5 2. Nf3 Nc6 3. d4 cxd4 4. Nxd4 e6 5. Nxc6 bxc6 6. Bd3 Nf6 7. O-O Qc7 8.
Nd2 Be7 9. b3 O-O 10. Bb2 d6 11. f4 e5 12. fxe5 Ng4 13. Qe2 Nxe5 14. Nc4 Nxc4
15. Bxc4 Be6 16. Bxe6 fxe6 17. Qg4 e5 18. Qe6+ Kh8 19. c4 Bf6 20. Rad1 Rad8 21.
Rf3 Qe7 22. Qxe7 Bxe7 23. Rfd3 Kg8 24. c5 d5 25. exd5 Bxc5+ 26. Kh1 e4 27. Rg3
Rf7 28. Rg5 cxd5 29. h3 e3 30. Rdxd5 Rxd5 31. Rxd5 e2 32. Bc3 Bf2 33. Rd8+ Rf8
34. Rd7 e1=Q+ 35. Bxe1 Bxe1 36. Kh2 Bf2 37. Rb7 h5 38. g4 h4 39. Kg2 Bd4 40. a4
Rf2+ 41. Kh1 Ra2 42. Rb5 g6 43. Rd5 Bb6 44. Rb5 Kf7 45. Rd5 Ke6 46. Rb5 Be3 47.
Rb4 Kd5 48. Rb7 Ke4 49. Rf7 Rb2 50. Rf6 g5 51. Rf5 Rxb3 52. Kg2 Rb2+ 53. Kh1
Rf2 54. Rb5 Kf3 55. Rb3 Ra2 56. Rd3 Rxa4 57. Rb3 Ra1+ 58. Kh2 Ra2+ 59. Kh1 a5
60. Rb2 Ra1+ 61. Kh2 Bf4# 0-1

[Event "PREFERENTE, Elche 2011"]
[Site "Centro de Congresos "]
[Date "2011.11.05"]
[Round "4"]
[White "Garbayo Valero, Santiago"]
[Black "Perez, Rodriguez Fco  Javie"]
[Result "0-1"]
[WhiteElo "1566"]
[BlackElo "1931"]
[PlyCount "66"]
[EventDate "2011.10.01"]
[EventRounds "7"]
[EventCountry "ESP"]

1. e4 e6 2. Nf3 d5 3. e5 c5 4. Bb5+ Nc6 5. d4 Bd7 6. O-O Qb6 7. Bxc6 Bxc6 8. b3
Ne7 9. Be3 Nf5 10. Re1 Be7 11. c3 O-O 12. Qc2 Rac8 13. Bg5 Bxg5 14. dxc5 Qxc5
15. Nxg5 g6 16. Nd2 Bd7 17. Rac1 Bb5 18. Ngf3 Rfd8 19. Qb2 Qe7 20. Nd4 Nxd4 21.
cxd4 Bd3 22. Rc3 Bf5 23. Rec1 Qd7 24. g3 Rc6 25. Rxc6 bxc6 26. Qa3 Qb7 27. Qc5
Rc8 28. b4 Rb8 29. a3 Qa6 30. Qc3 Rb6 31. f3 h5 32. Qb3 Qe2 33. Qc3 Bh3 0-1

[Event "PREFERENTE, Elche 2011"]
[Site "Centro de Congresos "]
[Date "2011.11.05"]
[Round "4"]
[White "Crespo Hurtado, Emilio Jose"]
[Black "Beltra Mayoral, Miguel Angel"]
[Result "1/2-1/2"]
[WhiteElo "1951"]
[BlackElo "1658"]
[PlyCount "56"]
[EventDate "2011.10.01"]
[EventRounds "7"]
[EventCountry "ESP"]

1. d4 Nf6 2. Nf3 c6 3. c4 e6 4. Nc3 d5 5. Bg5 Nbd7 6. e3 Qc7 7. Bf4 Bd6 8. Bxd6
Qxd6 9. c5 Qe7 10. Be2 e5 11. O-O e4 12. Nd2 O-O 13. f4 exf3 14. Rxf3 Ng4 15.
e4 dxe4 16. Ndxe4 f5 17. Nd6 Ne3 18. Qb3+ Kh8 19. Bd3 f4 20. Re1 b6 21. Rexe3
fxe3 22. Nf7+ Kg8 23. Ne5+ Kh8 24. Rxf8+ Qxf8 25. Nf7+ Kg8 26. Bf5 Nxc5 27.
Nh6+ Kh8 28. Nf7+ Kg8 1/2-1/2

[Event "PREFERENTE, Elche 2011"]
[Site "Centro de Congresos "]
[Date "2011.11.12"]
[Round "5"]
[White "Balaguer, Cuinas Pedro"]
[Black "Coves Sepulcre, Laureano"]
[Result "1/2-1/2"]
[WhiteElo "1995"]
[BlackElo "1885"]
[PlyCount "24"]
[EventDate "2011.10.01"]
[EventRounds "7"]
[EventCountry "ESP"]

1. Nf3 d5 2. g3 Nf6 3. Bg2 e6 4. O-O Be7 5. d3 O-O 6. c3 c5 7. Nbd2 Nc6 8. a4
Rb8 9. Re1 a6 10. e4 b5 11. axb5 axb5 12. exd5 exd5 1/2-1/2

[Event "PREFERENTE, Elche 2011"]
[Site "Centro de Congresos "]
[Date "2011.11.12"]
[Round "5"]
[White "Frias Catenas, Jose Luis"]
[Black "Sanchez, Trives Cayetano A"]
[Result "0-1"]
[WhiteElo "1671"]
[BlackElo "1907"]
[PlyCount "158"]
[EventDate "2011.10.01"]
[EventRounds "7"]
[EventCountry "ESP"]

1. e4 c5 2. Nf3 d6 3. c3 Nf6 4. e5 dxe5 5. Nxe5 Nbd7 6. Bb5 a6 7. Bxd7+ Nxd7 8.
Nxd7 Bxd7 9. O-O Bc6 10. d3 Qd5 11. f3 O-O-O 12. Be3 e5 13. Na3 f6 14. Qc2 Qxd3
15. Bf2 Qxc2 16. Nxc2 Rd2 17. Rac1 Be7 18. Be3 Rd3 19. Bf2 Rhd8 20. Ne3 g6 21.
Rfd1 Rxd1+ 22. Rxd1 Rxd1+ 23. Nxd1 Bd5 24. a3 Bb3 25. Ne3 b5 26. Be1 Kd7 27.
Nf1 c4 28. Bf2 f5 29. g3 Kc6 30. Kg2 a5 31. Be1 Bc5 32. Bd2 Bc2 33. h3 Bd3 34.
Ne3 Kd6 35. h4 Ke6 36. Nd1 Be2 37. Nf2 Kd5 38. Nh3 Bb6 39. Ng5 h6 40. Nh3 h5
41. Be1 Bc5 42. Bd2 Bd6 43. Kf2 Bd3 44. Kg2 Bc5 45. Nf2 e4 46. Nd1 Be2 47.
fxe4+ fxe4 48. Ne3+ Ke6 49. Kh3 b4 50. axb4 axb4 51. Kg2 b3 52. Kf2 Bd3 53. Kg2
Be7 54. Nd1 Be2 55. Nf2 Kf5 56. Be3 Ba3 57. Bc1 Bc5 58. Nh3 e3 59. Nf4 Bd3 60.
Kf3 Be4+ 61. Ke2 Kg4 62. Bxe3 Bd6 63. Kf2 Be5 64. Ne2 Bd6 65. Bf4 Bc5+ 66. Be3
Ba3 67. Bc1 Bc5+ 68. Be3 Bd6 69. Nf4 Be7 70. Ne2 Bf6 71. Bf4 Bd3 72. Ke3 Bxe2
73. Kxe2 Bxh4 74. Kf2 Bg5 75. Bxg5 Kxg5 76. Kf3 Kf5 77. Kg2 g5 78. Kh3 Ke4 79.
g4 h4 0-1

[Event "PREFERENTE, Elche 2011"]
[Site "Centro de Congresos "]
[Date "2011.11.12"]
[Round "5"]
[White "Fuentes Reyes, Diego"]
[Black "Perez Gisbert, Santiago"]
[Result "1-0"]
[WhiteElo "1832"]
[BlackElo "1527"]
[PlyCount "49"]
[EventDate "2011.10.01"]
[EventRounds "7"]
[EventCountry "ESP"]

1. d4 e6 2. c4 d5 3. Nc3 Nf6 4. Nf3 Nc6 5. Bg5 Be7 6. e3 a6 7. Rc1 Bd7 8. Bxf6
Bxf6 9. cxd5 exd5 10. Nxd5 O-O 11. Be2 Rc8 12. O-O Bf5 13. Qb3 Na5 14. Nxf6+
Qxf6 15. Qc3 Nc6 16. Bxa6 Nxd4 17. Nxd4 bxa6 18. Qa5 Be4 19. Rc5 Rfd8 20. f3
Bd5 21. Rxd5 Rxd5 22. Qxd5 Qb6 23. Nf5 Kf8 24. Qe5 Qg6 25. Qc5+ 1-0

[Event "PREFERENTE, Elche 2011"]
[Site "Centro de Congresos "]
[Date "2011.11.12"]
[Round "5"]
[White "Garbayo Valero, Santiago"]
[Black "Crespo Hurtado, Emilio Jose"]
[Result "0-1"]
[WhiteElo "1566"]
[BlackElo "1951"]
[PlyCount "24"]
[EventDate "2011.10.01"]
[EventRounds "7"]
[EventCountry "ESP"]

1. e4 e6 2. Nc3 d5 3. exd5 exd5 4. d4 Nc6 5. Bb5 a6 6. Bxc6+ bxc6 7. Nge2 Bd6
8. O-O Qh4 9. Ng3 Ne7 10. Re1 O-O 11. Be3 f5 12. Qh5 Bxg3 0-1

[Event "PREFERENTE, Elche 2011"]
[Site "Centro de Congresos "]
[Date "2011.11.12"]
[Round "5"]
[White "Beltra Mayoral, Miguel Angel"]
[Black "Bouzidi, Mohamed"]
[Result "1/2-1/2"]
[WhiteElo "1658"]
[BlackElo "1889"]
[PlyCount "129"]
[EventDate "2011.10.01"]
[EventRounds "7"]
[EventCountry "ESP"]

1. c4 e6 2. g3 d5 3. cxd5 exd5 4. Bg2 Nf6 5. e3 Bd6 6. Ne2 O-O 7. O-O c6 8. a3
Bf5 9. Nbc3 Qd7 10. Nd4 Bh3 11. Bxh3 Qxh3 12. f4 Bc5 13. Nf3 Ng4 14. b4 Bb6 15.
Na4 Nd7 16. Qe2 Rae8 17. Qg2 Qh6 18. h3 Ngf6 19. Nxb6 Nxb6 20. g4 Ne4 21. d3
Nd6 22. f5 Qf6 23. Bd2 Nd7 24. Rac1 Ne5 25. Nxe5 Qxe5 26. Rf3 Qb2 27. f6 gxf6
28. Rcf1 Re6 29. Bc1 Qxg2+ 30. Kxg2 Rfe8 31. Rxf6 Rxf6 32. Rxf6 Nb5 33. Kf3 Kg7
34. g5 Re6 35. Rxe6 fxe6 36. Bb2+ Kg6 37. Kg4 Nd6 38. h4 b6 39. Be5 Nb5 40. Bb2
c5 41. h5+ Kf7 42. bxc5 bxc5 43. a4 Nc7 44. Kf4 c4 45. d4 Ne8 46. Ke5 Ng7 47.
Kd6 Nxh5 48. Kc6 Kg6 49. Kb7 Kxg5 50. Kxa7 Nf6 51. Kb7 h5 52. a5 Ne8 53. Kc6 h4
54. a6 h3 55. a7 h2 56. a8=Q h1=Q 57. Qxe8 Qb1 58. Qg8+ Kf6 59. Kd6 Qxb2 60.
Qxe6+ Kg7 61. Qg4+ Kf7 62. Qf5+ Kg7 63. Qg5+ Kh7 64. Qh5+ Kg7 65. Qg5+ 1/2-1/2

[Event "PREFERENTE, Elche 2011"]
[Site "Centro de Congresos "]
[Date "2011.11.19"]
[Round "6"]
[White "Coves Sepulcre, Laureano"]
[Black "Perez, Rodriguez Fco  Javie"]
[Result "1/2-1/2"]
[WhiteElo "1885"]
[BlackElo "1931"]
[PlyCount "63"]
[EventDate "2011.10.01"]
[EventRounds "7"]
[EventCountry "ESP"]

1. c4 Nf6 2. Nc3 e6 3. e4 d5 4. cxd5 exd5 5. e5 d4 6. exf6 dxc3 7. Qe2+ Be6 8.
dxc3 Nd7 9. fxg7 Bxg7 10. Nf3 Qe7 11. g3 Nc5 12. Be3 O-O-O 13. Qc2 Bd5 14. Be2
Kb8 15. O-O h5 16. Rfd1 Ne4 17. c4 Bc6 18. Rxd8+ Rxd8 19. Rd1 Rg8 20. Nd4 Bxd4
21. Rxd4 h4 22. Bf4 Nc5 23. Be3 hxg3 24. hxg3 Rxg3+ 25. Kf1 Rh3 26. Rg4 Rh1+
27. Rg1 Qh4 28. f3 Rxg1+ 29. Kxg1 Qg3+ 30. Kf1 Qh3+ 31. Ke1 Ne6 32. Qd1 1/2-1/2

[Event "PREFERENTE, Elche 2011"]
[Site "Centro de Congresos "]
[Date "2011.11.19"]
[Round "6"]
[White "Fuentes Reyes, Diego"]
[Black "Balaguer, Cuinas Pedro"]
[Result "1-0"]
[WhiteElo "1832"]
[BlackElo "1995"]
[PlyCount "49"]
[EventDate "2011.10.01"]
[EventRounds "7"]
[EventCountry "ESP"]

1. d4 Nf6 2. c4 g6 3. Nc3 d5 4. cxd5 Nxd5 5. e4 Nxc3 6. bxc3 Bg7 7. Nf3 O-O 8.
Be2 c5 9. Rb1 Nc6 10. d5 Ne5 11. Nxe5 Bxe5 12. Qd2 Qa5 13. Rb3 c4 14. Bxc4 Bd7
15. f4 Bd6 16. O-O Qc5+ 17. Qd4 Qc7 18. Qd3 a6 19. Qe2 Rac8 20. Bd3 h5 21. h3
b5 22. e5 Bc5+ 23. Kh1 Qa7 24. f5 Be8 25. Bh6 1-0

[Event "PREFERENTE, Elche 2011"]
[Site "Centro de Congresos "]
[Date "2011.11.19"]
[Round "6"]
[White "Crespo Hurtado, Emilio Jose"]
[Black "Perez Pardo, Sergio Ivan"]
[Result "0-1"]
[WhiteElo "1951"]
[BlackElo "1720"]
[PlyCount "76"]
[EventDate "2011.10.01"]
[EventRounds "7"]
[EventCountry "ESP"]

1. d4 Nf6 2. c4 e6 3. Nc3 d5 4. Nf3 Be7 5. e3 O-O 6. Qc2 b6 7. Bd3 h6 8. O-O
Bb7 9. cxd5 Nxd5 10. a3 c5 11. Rd1 Nd7 12. e4 cxd4 13. Nb5 N5f6 14. Nfxd4 Rc8
15. Qe2 a6 16. Nc3 b5 17. e5 Nd5 18. Qe4 g6 19. Nxe6 Nxc3 20. Qxb7 fxe6 21.
bxc3 Nc5 22. Qa7 Ra8 23. Qxa8 Qxa8 24. Bxh6 Kh7 25. Bxf8 Qxf8 26. a4 Nxa4 27.
c4 Nb2 28. Rd2 Nxd3 29. Rxd3 bxc4 30. Rh3+ Kg7 31. Rxa6 Qf5 32. Ra1 Qxe5 33.
Rc1 Bg5 34. Rb1 Qd5 35. Ra3 Bd2 36. Rf3 c3 37. Ra1 Qxf3 38. gxf3 c2 0-1

[Event "PREFERENTE, Elche 2011"]
[Site "Centro de Congresos "]
[Date "2011.11.19"]
[Round "6"]
[White "Candela Ibarra, Antonio"]
[Black "Cazorla Tortosa, Jesus"]
[Result "0-1"]
[WhiteElo "1854"]
[BlackElo "1752"]
[PlyCount "60"]
[EventDate "2011.10.01"]
[EventRounds "7"]
[EventCountry "ESP"]

1. e4 e5 2. Nf3 Nc6 3. Bb5 a6 4. Ba4 d6 5. O-O Bg4 6. c3 Nf6 7. d3 Be7 8. Nbd2
O-O 9. Re1 h6 10. Nf1 b5 11. Bc2 Rb8 12. Ng3 Qe8 13. h3 Bc8 14. Nh2 Nh7 15. Nf5
Bg5 16. Ng4 Bxc1 17. Rxc1 f6 18. Nge3 Ne7 19. Bb3+ Kh8 20. Qg4 g6 21. h4 gxf5
22. Nxf5 Nxf5 23. exf5 c6 24. a4 d5 25. axb5 Rg8 26. Qf3 Rxb5 27. Ba4 Rxb2 28.
c4 Qd7 29. cxd5 Qxd5 30. Qh5 Qxg2# 0-1

[Event "PREFERENTE, Elche 2011"]
[Site "Centro de Congresos "]
[Date "2011.11.19"]
[Round "6"]
[White "Sanz Revaliente, Jesus"]
[Black "Perez Pardo, Adrian Jason"]
[Result "1/2-1/2"]
[WhiteElo "1759"]
[BlackElo "1682"]
[PlyCount "92"]
[EventDate "2011.10.01"]
[EventRounds "7"]
[EventCountry "ESP"]

1. d4 Nf6 2. c4 e6 3. Nf3 b6 4. g3 Bb7 5. Bg2 Be7 6. Nc3 O-O 7. O-O Ne4 8. Qc2
f5 9. Nd2 Nxd2 10. Bxb7 Nxf1 11. Bxa8 Nxh2 12. Kxh2 c6 13. Bf4 g5 14. Bd2 Qc7
15. Qa4 a6 16. d5 b5 17. Nxb5 axb5 18. Qb3 Na6 19. Bxc6 dxc6 20. dxc6 Qxc6 21.
Qxb5 Qxb5 22. cxb5 Rb8 23. a4 Nc5 24. Bc3 Nxa4 25. Rxa4 Rxb5 26. Ra6 Kf7 27.
Ra7 h5 28. Kg2 e5 29. Ra6 h4 30. gxh4 gxh4 31. Ra5 Rxa5 32. Bxa5 Kg6 33. Bc7 e4
34. Bf4 Kf6 35. Bd2 Ke6 36. f4 Kd5 37. b3 Kc5 38. e3 Kb5 39. Kh3 Bb4 40. Bxb4
Kxb4 41. Kxh4 Kxb3 42. Kg5 Kc3 43. Kxf5 Kd3 44. Kg4 Kxe3 45. f5 Kd2 46. f6 e3
1/2-1/2